000 00688nam a22002417a 4500
008 240821b mp ||||| |||| 00| 0 mon d
020 _a978-99962-58-22-0
040 _aSE0153081
_bmon
_cMN-UlNLM
_dMN-UlNLM
_erda
041 _amon
084 _2NNA
_a84.(5Мон)
_bГ-201
100 _aГалт Д.
245 0 _aДавхар тамга
245 0 _b0
245 0 _cРед. Э.Хархүү
264 _aУБ
_bЖиком пресс компанид хэвлэв
_c2010
300 _a151х
336 _2rdacontent
_atext
_btxt
337 _2rdamedia
_aunmediated
_bn
338 _2rdacarrier
_avolume
_bnc
942 _2NNA
_cBK
999 _c1153044
_d1153101